Grandes Dates Historiques (P.2) - Statistiques

Statistiques générales
  • Ce quiz a été pris 4 016 fois
  • Le résultat moyen est 8 sur 15
Statistiques - réponses
Événement Date % Correct
Attentats terroristes du 11 septembre par Al-Qaïda 2001
99%
Découverte de l'Amérique par Christophe Colomb 1492
95%
L'Homme marche sur la lune 1969
84%
Attaque Japonaise de Pearl Harbor 1941
83%
Charlemagne sacré empereur 800
74%
Les Bolcheviks renversent le Tsar Nicolas II 1917
71%
Coup d'État du 18 brumaire de Napoléon Bonaparte 1799
62%
Mort de la Princesse Diana à Paris 1997
59%
Indépendance de l'Inde 1947
50%
Congrès de Vienne 1815
43%
Gutenberg invente l'imprimerie (2 années autorisées) 1450/1453
31%
Fondation de Rome -753
23%
Pasteur découvre le vaccin contre la rage 1885
22%
La peste noire arrive en Europe (2 années autorisées) 1346/1347
17%
Invention machine à vapeur de Watt 1769
7%
Aucun quiz correspondant
Distribution des résultats
% des personnes avec chaque résultat
Percentile par nombre de réponses
Votre historique - résultats
Vous n’avez pas pris ce quiz